000 00628nam a2200169Ia 4500
008 260520s2025 xx 000 0 und d
020 _a978-81-977532-1-3
041 _amar
082 _a891.46109/KHA
100 _aखांडगे, प्रकाश
245 _aशिव-शक्ती संप्रदायाची लोक-गान परंपरा
250 _a1st ed
260 _aमुंबई
_bमहाराष्ट्र राज्य साहित्य आणि संस्कृती मंडळ
_c2025
300 _a766p.
500 _aCat No: 15200
650 _aMARATHI POETRY
999 _c1221924
_d1221924